Guía de campo Caleu y el cerro El Roble

Saved in:
Bibliografiske detaljer
Main Authors: Moreira-Muñoz, Andrés Sergio (autor), Pliskoff V., Patricio (Author), Moreira Muñoz, Iván (Author), Torres-Mura, Juan CarlosMonseau de Bergendal, María Isabel du (Author)
Andre forfattere: Muñoz Schick, Mélica (autora)
Format: Bog
Sprog:spansk
Udgivet: Santiago CONAMA 1999
Santiago FONDART 1999
Fag:
Tags: Tilføj Tag
Ingen Tags, Vær først til at tagge denne postø!

MARC

LEADER 00000nam a2200000 a 4500
001 UCN7346
003 CL-VaPUC
008 011018e19990000cl |||||||||||||||||spa|d
082 0 4 |a 577.53  |b MOR  |2 21 
100 |a Moreira-Muñoz, Andrés Sergio  |e autor  |9 587390 
700 |a Muñoz Schick, Mélica  |e autora  |9 484707 
700 0 |a Pliskoff V., Patricio  |e author  |9 463265 
700 0 |a Moreira Muñoz, Iván  |e author  |9 463266 
700 0 |a Torres-Mura, Juan CarlosMonseau de Bergendal, María Isabel du  |e author  |9 463267 
245 1 0 |a Guía de campo Caleu y el cerro El Roble 
300 |a 119 p 
942 |c BK 
945 |d 20011018 00:00:00  |a cmena 
260 |a Santiago  |b CONAMA  |c 1999 
260 |a Santiago  |b FONDART  |c 1999 
650 7 |a ECOLOGIA MONTAÑOSA  |2 CL-VaPUC  |9 322003 
650 0 |a Medio ambiente natural  |9 338575 
650 7 |a CERROS  |2 CL-VaPUC  |9 367492 
650 0 |a Recursos naturales  |9 255232 
650 0 |a Costumbres y tradiciones   |9 268292 
650 0 |a Vertebrados  |9 320144 
650 0 |a Insectos   |9 264174 
583 |a last modification  |c 20180124 12:49:51  |k Rodrigo Vera 
999 |c 297719  |d 297717 
952 |0 0  |1 0  |4 0  |6 577_530000000000000_MOR_1999_1999  |7 0  |8 P  |9 352667  |a BIBARQ  |b BIBARQ  |d 2019-11-21  |i 373059K  |o 577.53 MOR 1999 1999  |p 373059K  |r 2025-01-20  |w 2019-11-21  |y BK  |k ARQ